Name The Backrooms Level - Statistics

General Stats
  • This quiz has been taken 181 times
    153 since last reset
  • The average score is 10 of 16
Answer Stats
Picture Answer % Correct
Level 0: The Lobby
92%
Level 37: Poolrooms
84%
Level 2: Pipe Dreams
82%
Level ∞: The End
79%
Level 974: Kitty's House
74%
Level 6: Lights Out
72%
Level 1: Habitable Zone
71%
Level Fun =)
68%
Level 4: Abandoned Office
65%
Level !: Run For Your Life
64%
The Hub
64%
Level 11: Endless City
63%
Level 0: (Pitfalls)
39%
Level 94: Animated Kingdom
31%
Level 232: Infinite Grocery Store
15%
Level 931: Leafroom Corridors
13%
No matching quizzes found
Score Distribution
Percent of People with Each Score
Percentile by Number Answered
Your Score History
You have not taken this quiz since the last reset